00369nam a2200121Ia 4500008004100000040001600041041001200057082001600069100002100085245007700106260004800183300001600231230917s9999||||xx |||||||||||||| ||und|| e14231aMAIN aEnglish a330.1 W433M aWeintraub, E Roy 0aMicrofoundations: the compatibility of microeconomics and macroeconomics aCambridgebCambridge University Pressc1986 aviii,175 p.